| 000 | 00539cam a22001814a 4500 | ||
|---|---|---|---|
| 020 | _a0896291197 (pbk.) | ||
| 040 | _cDLC | ||
| 082 | 0 | 0 | _a332 INT 2001 C155 Or. |
| 100 | 1 | _aDiagne, Aliou. | |
| 245 | 1 | 0 | _aAccess to credit and its impact on welfare in Malawi / |
| 260 |
_aWashington, D.C. : _bInternational Food Policy Research Institute, _cc2001. |
||
| 300 |
_axiii, 153 p. : _bill. ; _c25 cm. |
||
| 490 | 1 | _aResearch report ; | |
| 650 | 0 | _aRural poor | |
| 650 | 0 | _aAgricultural credit | |
| 700 | 1 | _aZeller, Manfred. | |
| 942 | _cAEDBB | ||
| 999 |
_c18807 _d18807 |
||